| 000 | 01249na a2200325 4500 | ||
|---|---|---|---|
| 001 | 17344 | ||
| 003 | MIRAKIL | ||
| 005 | 20181213154816.0 | ||
| 008 | 161024b tu 000 0 | ||
| 035 | _a17344 | ||
| 040 |
_aMilas _btur _cTR-AnCHP |
||
| 041 | _atur | ||
| 082 |
_a346.0150263 _bA72a 1965 |
||
| 090 | _a346.0150263 A72a 1965 | ||
| 100 | _aAtaay, Aytekin M. | ||
| 245 |
_aAçıklamalı Medeni Kanun ile Borçlar Kanunu _b(Tatbikat Kanunuyla birlikte) _cAytekin M. Ataay, İsmet Sungurbey |
||
| 246 | _aTatbikat Kanunuyla birlikte | ||
| 250 | _agözd. gçrl. 2. bs. | ||
| 260 |
_aİstanbul _bFiliz Kitabevi _c1965 |
||
| 300 |
_a455 s. _c17 sm. |
||
| 504 | _aİlgili mevzuat - TBMM. yorum kararları - Anayasa Mahkemesi kararları - Yargıtay içtihatları birleştirme kararları - Uyuşmazlık Mahkemesi kararları - tercüme yanlışları - mukayeseli yabancı kanunlar. | ||
| 650 |
_aMedeni haklar _xHukuk ve mevzuat _zTürkiye |
||
| 650 |
_aMedeni hukuk _xKanunlar _zTürkiye |
||
| 650 |
_aBorçlar _xHukuk ve mevzuat _zTürkiye |
||
| 650 |
_aBorçlar hukuku _xKanunlar _zTürkiye |
||
| 651 |
_aTürkiye _xMedeni Kanun (1926) |
||
| 651 |
_aTürkiye _xBorçlar Kanunu, 1926 |
||
| 700 | _aSungurbey, İsmet | ||
| 942 |
_2ddc _cBKS |
||
| 999 |
_c1259 _d1259 |
||